Strategic management: text, tools, and cases for business policy (Record no. 76858)
[ view plain ]
| 000 -LEADER | |
|---|---|
| fixed length control field | 01197nam a2200241 a 4500 |
| 008 - FIXED-LENGTH DATA ELEMENTS--GENERAL INFORMATION | |
| fixed length control field | 120416s1985 ||||||||||||||||| || u |
| 020 ## - INTERNATIONAL STANDARD BOOK NUMBER | |
| International Standard Book Number | 0534045189 |
| 050 ## - LIBRARY OF CONGRESS CALL NUMBER | |
| Classification number | HD 30.28 Com |
| 100 ## - MAIN ENTRY--PERSONAL NAME | |
| Personal name | Comerford, Robert A |
| 245 10 - TITLE STATEMENT | |
| Title | Strategic management: text, tools, and cases for business policy |
| 260 ## - PUBLICATION, DISTRIBUTION, ETC. | |
| Place of publication, distribution, etc. | Boston |
| Name of publisher, distributor, etc. | Kent Publishing Co |
| Date of publication, distribution, etc. | 1985. |
| 300 ## - PHYSICAL DESCRIPTION | |
| Extent | xiii, 866p. : ill. |
| 350 ## - | |
| -- | 0.00 |
| 500 ## - GENERAL NOTE | |
| General note | Bibliography. |
| 650 #0 - SUBJECT ADDED ENTRY--TOPICAL TERM | |
| Topical term or geographic name entry element | BUSINESS PLANNING |
| 650 ## - SUBJECT ADDED ENTRY--TOPICAL TERM | |
| Topical term or geographic name entry element | BUSINESS PLANNING--CASE STUDIES |
| 650 #0 - SUBJECT ADDED ENTRY--TOPICAL TERM | |
| Topical term or geographic name entry element | MANAGEMENT |
| 700 ## - ADDED ENTRY--PERSONAL NAME | |
| Personal name | Callaghan, Dennis W |
| 995 ## - | |
| -- | BINDERY (DAMAGED) |
| -- | 0.00 |
| -- | 712500 |
| -- | CBU-MAIN LIBRARY (Kitwe) |
| -- | 1 |
| -- | 18.95 |
| -- | HD 30.28 Com |
| -- | 2 |
| -- | DAMAGED |
| -- | 003094 |
| -- | Main Library Open Access Collection |
| 995 ## - | |
| -- | BINDERY (DAMAGED) |
| -- | 0.00 |
| -- | 721396 |
| -- | CBU-MAIN LIBRARY (Kitwe) |
| -- | 2 |
| -- | 18.95 |
| -- | HD 30.28 Com |
| -- | 3 |
| -- | DAMAGED |
| -- | 003095 |
| -- | Main Library Open Access Collection |
| 995 ## - | |
| -- | BINDERY (DAMAGED) |
| -- | 0.00 |
| -- | 726918 |
| -- | CBU-MAIN LIBRARY (Kitwe) |
| -- | 3 |
| -- | 18.95 |
| -- | HD 30.28 Com |
| -- | 1 |
| -- | DAMAGED |
| -- | 000130 |
| -- | Main Library Open Access Collection |
| 995 ## - | |
| -- | BINDERY (DAMAGED) |
| -- | 0.00 |
| -- | 719191 |
| -- | CBU-MAIN LIBRARY (Kitwe) |
| -- | 4 |
| -- | 18.95 |
| -- | HD 30.28 Com |
| -- | 4 |
| -- | DAMAGED |
| -- | Jul 26, 2006 |
| -- | 020440 |
| -- | Main Library Open Access Collection |
| 999 ## - | |
| -- | 76858 |
| -- | 76858 |
| Withdrawn status | Lost status | Source of classification or shelving scheme | Damaged status | Not for loan | Permanent Location | Current Location | Shelving location | Date acquired | Total Checkouts | Full call number | Barcode | Date last seen | Copy number | Price effective from | Koha item type |
|---|---|---|---|---|---|---|---|---|---|---|---|---|---|---|---|
| CBU-MAIN LIBRARY, KITWE. | CBU-MAIN LIBRARY, KITWE. | 04/25/2023 | HD 30.28 Com | 003094 | 04/25/2023 | 1 | 04/25/2023 | MONOGRAPH | |||||||
| CBU-MAIN LIBRARY, KITWE. | CBU-MAIN LIBRARY, KITWE. | 04/25/2023 | HD 30.28 Com | 003095 | 04/25/2023 | 2 | 04/25/2023 | MONOGRAPH | |||||||
| CBU-MAIN LIBRARY, KITWE. | CBU-MAIN LIBRARY, KITWE. | 04/25/2023 | HD 30.28 Com | 000130 | 04/25/2023 | 3 | 04/25/2023 | MONOGRAPH | |||||||
| CBU-MAIN LIBRARY, KITWE. | CBU-MAIN LIBRARY, KITWE. | 04/25/2023 | HD 30.28 Com | 020440 | 04/25/2023 | 4 | 04/25/2023 | MONOGRAPH |